The invention of chic : Thérése bonney and Paris moderne

Gespeichert in:
Bibliographische Detailangaben
1. Verfasser: Kolosek, Lisa Schlansker (Verfasst von)
Format: Buch
Sprache:Englisch
Veröffentlicht: Londýn : Thames&Hudson, 2002
Tags: Tag hinzufügen
Keine Tags, Fügen Sie das erste Tag hinzu!

MARC

LEADER 00000nam a22000003a 4500
001 stu246695
005 20150617230158.7
008 120521s2002----uk------------------eng-d
020 |a 0-500-51096-2 
040 |a STU  |b slo 
041 0 |a eng 
044 |a uk 
100 1 |a Kolosek, Lisa Schlansker  |4 aut 
245 1 |a The invention of chic :  |b Thérése bonney and Paris moderne 
260 |a Londýn :  |b Thames&Hudson,  |c 2002 
300 |a 192 s 
996 |b 284V032375  |c V*51530/O-23012  |l VVT  |s A  |a 24  |w stu246695_0001